Select the JJK Characters by Conditions - Statistics

General Stats
  • This quiz has been taken 303 times
  • The average score is 51 of 72
Answer Stats
Question Tile Select % Correct
who are sorcerers Satoru Gojo Yes
98%
who are sorcerers Yuji Itadori Yes
97%
who are sorcerers Rika No
95%
who are sorcerers Jogo No
93%
who are sorcerers Hakari Yes
92%
with a domain expansion that has been activated (Must have been used as of S3) Aoi Todo No
89%
with a domain expansion that has been activated (Must have been used as of S3) Maki Zen'in No
89%
with a domain expansion that has been activated (Must have been used as of S3) Toji Zen'in No
88%
with a domain expansion that has been activated (Must have been used as of S3) Choso Kamo No
87%
who are sorcerers Hanami No
87%
who have died Mechamaru Yes
87%
who have died Toji Zen'in Yes
87%
who are cursed spirits Toji Zen'in No
87%
who have died Kento Nanami Yes
86%
who have died Miwa No
86%
with a domain expansion that has been activated (Must have been used as of S3) Higuruma Yes
85%
who are cursed spirits Mahito Yes
85%
with a domain expansion that has been activated (Must have been used as of S3) Satoru Gojo Yes
85%
who have died Megumi Fushiguro No
84%
who are cursed spirits Dagon Yes
83%
who have died Hanami Yes
82%
with a domain expansion that has been activated (Must have been used as of S3) Mahito Yes
82%
with a domain expansion that has been activated (Must have been used as of S3) Suguru Geto No
81%
who have died Suguru Geto Yes
81%
in JJK Aoi Todo Yes
80%
in JJK Yuji Itadori Yes
80%
in JJK Denji No
79%
who were present at the Shibuya Incident Jogo Yes
79%
in JJK Jogo Yes
79%
in JJK Kento Nanami Yes
79%
in JJK Mahito Yes
79%
who appeared in S2 (flashbacks count) Mei Mei Yes
79%
who are sorcerers Noritoshi Kamo Yes
77%
in JJK JoJo No
76%
who appeared in S2 (flashbacks count) Ryomen Sukuna Yes
76%
who appeared in S2 (flashbacks count) Aoi Todo Yes
75%
who were present at the Shibuya Incident Mahoraga Yes
75%
who appeared in S2 (flashbacks count) Suguru Geto Yes
75%
who are cursed spirits Panda No
74%
who were present at the Shibuya Incident Mei Mei Yes
73%
who have punched Yuji (Must be directly with their fist) Mahito Yes
72%
who have punched Yuji (Must be directly with their fist) Aoi Todo Yes
71%
who are cursed spirits Megumi's Nue No
71%
who are sorcerers Choso Kamo No
70%
who have punched Yuji (Must be directly with their fist) Satoru Gojo No
68%
who were present at the Shibuya Incident Yuta Okkotsu No
68%
who appeared in S2 (flashbacks count) Naobito Zen'in Yes
67%
who were present at the Shibuya Incident Naobito Zen'in Yes
67%
who have punched Yuji (Must be directly with their fist) Hakari Yes
66%
who are cursed spirits Tengen No
66%
who have punched Yuji (Must be directly with their fist) Choso Kamo Yes
65%
with a domain expansion that has been activated (Must have been used as of S3) Hakari No
63%
who are sorcerers Ijichi No
62%
who have punched Yuji (Must be directly with their fist) Junpei Yoshino No
61%
in JJK Miguel Oduol Yes
61%
who appeared in S2 (flashbacks count) Utahime Iori Yes
61%
who appeared in S2 (flashbacks count) Haruta Yes
57%
who have punched Yuji (Must be directly with their fist) Ryomen Sukuna No
57%
who are cursed spirits Kenjaku No
55%
who appeared in S2 (flashbacks count) Yuta Okkotsu Yes
55%
who have punched Yuji (Must be directly with their fist) Nobara Kugisaki Yes
53%
who are cursed spirits Ryomen Sukuna No
51%
who are cursed spirits Choso Kamo No
50%
who have died Satoru Gojo No
49%
who were present at the Shibuya Incident Ko-Guy Yes
45%
who appeared in S2 (flashbacks count) Principle Gakuganji Yes
45%
who have punched Yuji (Must be directly with their fist) Megumi Fushiguro Yes
42%
who were present at the Shibuya Incident Shoko Yes
39%
in JJK John Rabbit Yes
38%
who were present at the Shibuya Incident Mechamaru Yes
25%
who were present at the Shibuya Incident Utahime Iori Yes
21%
who have died Yuji Itadori Yes
12%
No matching quizzes found
Score Distribution
Percent of People with Each Score
Percentile by Number Answered
Your Score History
You have not taken this quiz